Textos expositivo-explicativos y argumentativos /

Manual de análisis del discurso que se compone de los siguientes apartados: Didáctica del texto; El texto expositivo-explicativo; El texto argumentativo.

Gorde:
Xehetasun bibliografikoak
Egile nagusia: Alvarez Angulo, Teodoro (autor)
Formatua: Liburua
Hizkuntza:gaztelania
Argitaratua: Barcelona, España : Octaedro, 2001, c2001
Saila:(Nuevos Instrumentos ; 14)
Gaiak:
Etiketak: Etiketa erantsi
Etiketarik gabe, Izan zaitez lehena erregistro honi etiketa jartzen!

MARC

LEADER 00000nam^a2200000^a^4500
001 000166156
005 20250521000000.0
009 20260310101042.585
020 |a 84-8063-466-9 
037 |a Acervo ITESO - Biblioteca 
041 |a ESP 
082 |a 378. 17028  |b NUE V. 14 
100 |a Alvarez Angulo, Teodoro  |e (autor) 
245 1 0 |a Textos expositivo-explicativos y argumentativos /  |c T. Alvarez Angulo. 
264 4 |a Barcelona, España :  |b Octaedro,  |c 2001, c2001 
300 |a 91 p. 
336 |a texto  |b txt  |2 rdacontenido 
337 |a sin mediación  |b n  |2 rdamedio 
338 |a volumen  |b nc  |2 rdasoporte 
440 1 |a (Nuevos Instrumentos ;  |v 14) 
520 |a Manual de análisis del discurso que se compone de los siguientes apartados: Didáctica del texto; El texto expositivo-explicativo; El texto argumentativo. 
649 |a XX 
650 |a Conferencias y el Arte de Disertar 
650 |a Debates y el Arte de Discutir 
650 |a Retórica 
650 |a Comunicación Oral 
650 |a Comunicación Escrita 
650 |a Comunicación Verbal 
650 |a Competencia Comunicativa 
650 |a Análisis del Discurso -  |x Tema Principal 
650 |a Estilo Literario 
650 |a Pragmática 
650 |a Semántica 
650 |a Semiótica y Literatura 
650 |a Lingüística 
910 |a Fondo General 
920 |a Impresos - Libros 
930 |a Colección General 
905 |a 101 
901 |a 0500101312  |b IT1  |c ACC  |u 20250521 
901 |a 0500137873  |b IT1  |c ACC  |u 20250521 
902 |a https://opac.biblio.iteso.mx/vufind/Record/000166156